| 000 | 02130cam a22004577i 4500 | ||
|---|---|---|---|
| 999 |
_c1378 _d1378 |
||
| 001 | 17945986 | ||
| 003 | OSt | ||
| 005 | 20221229083214.0 | ||
| 008 | 131118s2014 maua j 000 0 eng d | ||
| 010 | _a 2013955674 | ||
| 020 | _a9780763636326 | ||
| 035 | _a(OCoLC)ocn889734367 | ||
| 040 |
_aAU@ _beng _cAU@ _erda _dOCLCO _dYDXCP _dBTCTA _dBDX _dGK8 _erda _dIH7 _dOJ4 _dJAG _dCO2 _dDCH _dILC _dMLY _dUPZ _dUIU _dDLC _dKH8 |
||
| 042 | _alccopycat | ||
| 082 | 0 | 4 |
_a613.2 HAR _223 |
| 100 | 1 |
_aHarris, Robie H. _eauthor. |
|
| 245 | 1 | 0 |
_aWhat's so yummy? : _ball about eating well and feeling good / _cRobie H. Harris ; illustrated by Nadine Bernard Westcott. |
| 246 | 3 | 0 | _aAll about eating well and feeling good |
| 246 | 3 |
_aWhat is so yummy? : _ball about eating well and feeling good |
|
| 250 | _aFirst edition. | ||
| 264 | 1 |
_aSomerville, Massachusetts : _bCandlewick Press, _c2014. |
|
| 300 |
_a1 volume (unpaged) : _bcolor illustrations ; _c28 cm |
||
| 336 |
_atext _btxt _2rdacontent |
||
| 337 |
_aunmediated _bn _2rdamedia |
||
| 338 |
_avolume _bnc _2rdacarrier |
||
| 490 | 1 | _aLet's talk about you and me | |
| 520 |
_aGus, Nellie, and baby Jake visit their community garden before shopping at the farmer's market and grocery store to gather healthy ingredients that they help prepare for a picnic, in a story that explains the role of nutrition in health.-- _cSource other than Library of Congress. |
||
| 650 | 0 |
_aNutrition _vJuvenile literature. |
|
| 650 | 0 |
_aHealth _vJuvenile literature. |
|
| 650 | 0 | _aPicture books for children. | |
| 650 | 1 | _aNutrition. | |
| 650 | 1 | _aHealth. | |
| 700 | 1 |
_aWestcott, Nadine Bernard, _eillustrator. |
|
| 800 | 1 |
_aHarris, Robie H. _tLet's talk about you and me. |
|
| 856 | 4 | 2 |
_3Contributor biographical information _uhttp://www.loc.gov/catdir/enhancements/fy1503/2013955674-b.html |
| 856 | 4 | 2 |
_3Publisher description _uhttp://www.loc.gov/catdir/enhancements/fy1503/2013955674-d.html |
| 906 |
_a7 _bcbc _ccopycat _d2 _eepcn _f20 _gy-gencatlg |
||
| 942 |
_2ddc _cNFIC |
||